New York

Bibliographic Details
Format: Book
Language:German
PhysicalDescription:207 s. fotogr., mp., sch. 11 cm
Published: Stuttgart Karl Baedeker Verlag 1991
ISBN:3875041372
Edition:4. Aufl., gänzlich überarbeitete, erweiterte und neugestaltete
Series:Baedekers Allianz Reiseführer
Subjects:

MARC

LEADER 00000nam a2200000 a 4500
001 vtls001300448
003 SK-MaSNL
005 20260301235135.0
008 171201s1991 gw ob g 00100 ger
020 |a 3875041372  |q (brož.) 
035 |a SNK000252443 
040 |a SNK  |b slo  |c SNK  |e AACR2 
041 0 |a ger 
044 |a gw  |c DE 
072 7 |a 908  |x Štúdium oblastí a lokalít všeobecne  |2 konspekt 
080 |a 908  |2 2001 
080 |a (734.7)  |2 2001 
080 |a (036)  |2 2001 
245 0 0 |a New York 
250 |a 4. Aufl., gänzlich überarbeitete, erweiterte und neugestaltete 
260 |a Stuttgart  |b Karl Baedeker Verlag  |c 1991 
300 |a 207 s.  |b fotogr., mp., sch.  |c 11 cm 
490 1 |a Baedekers Allianz Reiseführer 
651 7 |a New York (štát)  |2 SNKPH  |9 49324 
655 7 |a turistickí sprievodcovia (publikácie)  |2 SNKPH  |9 191298 
830 0 |a Baedekers Allianz Reiseführer  |9 310238 
919 |a 3-87504-137-2 
999 |c 973633  |d 975563 
952 |a SNK  |b SNK  |y VYP  |7 0  |p 17A0075161  |o snkID 98923  |i snk2014/25400  |8 5  |0 0  |1 0  |4 0  |d 1997-08-26  |l 0  |r 2005-01-02 00:00:00  |w 2026-02-24